Australia i Oceania - quiz wiedzy i ciekawostki - Statystyki

Ogólne statystyki
  • Ten quiz został rozwiązany 50 razy
  • Średni wynik to 7 z 15
Statystyki odpowiedzi
Hint Odpowiedź % Poprawnych
Ile państw znajduje się na terenie Australii i Oceanii? 14
95%
Kraj ten ma większą populację wielbłądów niż Egipt; był drugim krajem na świecie, który przyznał kobietom prawo do głosowania Australia
80%
Ile terytoriów zależnych jest na terenie Australii i Oceanii? 21
63%
Rdzenni mieszkańcy Australii to.... Aborygeni
60%
Jest pierwszym krajem wchodzącym w Nowy Rok. Sylwestrowa północ wybija o godzinie 11 czasu polskiego Kiribati
58%
Walutą tego kraju jest tala; kraj ten jest 108 razy mniejszy od Polski; główną religią jest Kościół Kongregacjonalny Samoa
50%
Wyspiarskie państwo położone w zachodniej części Oceanu Spokojnego, w Mikronezji, w odległości około 42 km na południe od równika. Jest obecnie najmniejszą republiką na świecie Nauru
48%
Najdłuższą rzeką tego kraju jest Waikato, najwyższym szczytem jest Góra Cooka (3754 m n.p.m.), a najdłuższą rzeką Waikato Nowa Zelandia
48%
Niepodległość od Stanów Zjednoczonych uzyskano 3 listopada 1986 roku.; Jest niezależnym suwerennym narodem składającym się z czterech stanów – Yap, Chuuk, Pohnpei i Kosrae, które wspólnie obejmują 607 wysp. Mikronezja
43%
Jest najbardziej na południe wysuniętą stolicą świata Wellington
43%
Kraj składa się z 992 wysp; najwyższym szczytem jest Balbi; niepodległość od Wielkiej Brytanii uzyskano 7 lipca 1978 roku.; klimat równikowy, gorący i wilgotny, ochładzany przez bryzę morską Wyspy Salomona
43%
Kraj ten obejmuje 6 atoli i 3 wyspy; stolicą jest Vaiaku Tuvalu
38%
Najdłuższą rzeką tego kraju jest Reva, ustrój polityczny to republika, a najwyższym szczytem jest Mount Victoria (1324 m n.p.m.) Fidżi
30%
Jest to najbardziej rozległy kraj Oceanii. W jego skład wchodzą trzy grupy wysp: Line, Phoenix i Gilberta. W kraju tym znajduje się wioska o nazwie Poland. Nazwana została na cześć Polaka Stanisława Pełczyńskiego, który pomógł tubylcom nawodnić plantacje palm. Kiribati
30%
Jak nazywa się najdłuższa rzeka w Australii? Murray
15%
Nie znaleziono quizów pasujących do podanych kryteriów
Rozkład punktacji
Procent ludzi z każdym wynikiem
Percentyl według liczby udzielonych odpowiedzi
Twoja historia wyników
Nie rozwiązałeś tego quizu